| 000 | 00803cab a2200313 4500 | ||
|---|---|---|---|
| 001 | X1602 | ||
| 008 | 090401t1994 xxu||||| |||| 00| 0 eng d | ||
| 035 | _a(Sirsi) u94869 | ||
| 041 | _aeng | ||
| 100 | _aGoodwin, M. | ||
| 245 | _aAll change at Cardiff | ||
| 260 | _c1994 | ||
| 350 | _a0 | ||
| 490 |
_aCSM (Chartered Surveyor Monthly) _v3(10) July/August 1994, 20-21(2) |
||
| 650 | _aCOMMERCIAL PROPERTY CONFERENCE | ||
| 650 | _aECONOMIC CYCLES | ||
| 650 | _aEMPTY OFFICES | ||
| 650 | _aEQUITIES | ||
| 650 | _aFACTORY OUTLETS | ||
| 650 | _aGILTS | ||
| 650 | _aINVESTMENT | ||
| 650 | _aPROPERTY CYCLES | ||
| 650 | _aPROPERTY IN THE ECONOMY | ||
| 650 | _aTOWN CENTRES | ||
| 650 |
_aValuation _96273 |
||
| 690 | _aPROPERTY-COMMERCIAL PROPERTY | ||
| 942 | _n0 | ||
| 948 | _c04/03/1997 | ||
| 999 |
_c59601 _d59601 |
||